00422nam a22001217a 4500020001600000082000800016100002500024245012900049260002800178300003100206650003100237700003200268 qHard Cover. a200 aAyub Muhammad Aamar  aSEISMIC VULNERABILITY ASSESSMENT OF REINFORCED CONCRETE BUILDINGS WITH VERTICAL SETBACK IRREGULARITES /cMuhammad Aamar Ayub aIslamabad :bMCE -NUST, axv, 124 p. : ill. ;c30cm. aMS-Structural Engineering- aSupervisor. Muhammad Rizwan